00617nam a22002177a 450000500170000001000130001702000220003003500130005203700160006504000120008108200170009310000200011024500740013025000120020426000510021627000160026730000200028350000540030365000230035765000190038020170124110153.0 aA-903608 c00.00a8170583527 aA-903608 bCen Lib/Ret aDPLbEN a181.499bAUR aAurrobindo, Sri aThe supermental manifestation and other writings /cby Sri Aurobindo  a2nd ed. aPondichery bSri Aurobindo Ashram Trust c1997 bPondichery  a530p.c19cm(Hb) aIncludes appendix and bibliographical references  aIndian Philosophy  aSpiritual life